[Event "RUS-chT 05th"]
[Site "Maikop"]
[Date "1998.06.13"]
[Round "11"]
[White "Kobalia, Mihail"]
[Black "Khalifman, Alexander"]
[Result "1/2-1/2"]
[WhiteElo "2500"]
[BlackElo "2660"]
[Annotator "Mueller,Karsten"]
[PlyCount "40"]
[EventDate "1998.06.03"]
[EventType "team-tourn"]
[EventRounds "11"]
[EventCountry "RUS"]
[SourceTitle "CBM 066"]
[Source "ChessBase"]
[SourceDate "1998.09.30"]
[SourceVersion "1"]
[SourceVersionDate "1998.09.30"]
[SourceQuality "1"]
[WhiteTeam "Moscow Apiko-Yakimanka"]
[BlackTeam "Sankt Petersburg"]
[WhiteTeamCountry "RUS"]
[BlackTeamCountry "RUS"]

1. e4 c6 2. d4 d5 3. exd5 cxd5 4. c4 Nf6 5. Nc3 Nc6 6. Bg5 Be6 7. a3 $5 (7.
Bxf6 gxf6 $5 8. Qd2 Qa5 9. c5 O-O-O 10. Bb5 Rg8 11. f4 Bh6 $36 {0-1 Miles,
A-Jussupow,A/Tunis izt 1985 (24)}) 7... Qd7 (7... g6 8. Bxf6 exf6 9. Be2 Bh6
10. Bf3 Ne7 11. cxd5 Nxd5 12. Nge2 O-O $11 {1/2-1/2 Nezhmetdinov,R-Flohr,S/
Moscow 1961/MCD-r6 (15)}) (7... Bg4 8. f3 Be6 9. c5 g6 10. Bb5 Bg7 11. Nge2 O-O
12. O-O Bf5 13. b4 a6 14. Ba4 h6 15. Be3 Ne8 $11 {Kasparov,G-Dreev,A/Moscow
PCA-GP 1996/EXP 52/0-1 (81)}) (7... h6 $6 8. Bxf6 gxf6 9. Be2 Na5 10. cxd5 Bxd5
11. Nxd5 Qxd5 12. Qa4+ Nc6 13. Bf3 Qa5+ 14. Qxa5 Nxa5 15. Rc1 $14 {Schlosser,
P-Naumann,A/Dresden op/1995/1/2-1/2 (66)}) 8. Be2 (8. Bxf6 gxf6 9. c5 $1 {
hatte Lanka als Neuerung vorbereitet. Der Läufer f1 soll wirkungsvoller
eingesetzt werden:} (9. g3 $6 {gilt seit der Partie Topalov-Leko, Wien 1996
als schlecht (die Anmerkungen stammen von Leko aus CBM 55):} O-O-O 10. Bg2 Bg4
$1 11. f3 Be6 12. c5 (12. f4 Bg4 $1 13. Qa4 e5 $3 14. cxd5 Nxd4 $19) 12... Bf5
$1 13. b4 e5 14. Nge2 Qe6 $1 15. dxe5 (15. O-O exd4 16. Nxd4 $2 Qe3+ $19) (15.
Kf2 Bh6 16. Re1 (16. f4 exf4 17. Nxf4 Bxf4 18. gxf4 Be4 $1 $17) 16... Be3+ $3
17. Kxe3 exd4+ 18. Kf2 Qe3+ 19. Kf1 dxc3 $19) 15... d4 $1 16. Ne4 (16. Nf4 $1 {
Ftacnik} Qxe5+ 17. Ne4 d3 18. Ra2 $15) 16... d3 17. Nf4 d2+ $1 18. Kf2 (18.
Qxd2 Rxd2 19. Nxe6 Rxg2 20. Nxf8 Bxe4 $19) (18. Nxd2 Qxe5+ 19. Ne2 Rxd2 $3 20.
Kxd2 Bh6+ 21. Ke1 Rd8 $19) 18... Qc4 $3 19. Bh3 (19. exf6 Qd4+ 20. Ke2 Bh6 $19)
(19. Nd6+ Bxd6 20. exd6 Qd4+ 21. Kf1 Rhe8 $19) (19. Nxd2 {Ftacnik} Qd4+ 20. Ke1
Qxe5+ 21. Ne2 Rxd2 $1 $19) 19... Bxh3 20. Nxh3 Qd4+ 21. Kg2 Nxe5 $19 {0-1
Topalov,V-Leko,P/Vienna Millenium (5) 1996/CBM 55/[Leko] (28)}) 9... Bg4 $1 (
9... O-O-O 10. b4 $40) (9... Bg7 10. Bb5 (10. Be2 {/\ Bf3, Nge2}) 10... O-O 11.
Nge2 $16 {ץe6, Bg7}) 10. f3 Bf5 11. Bb5 e5 $6 (11... Bh6 $142 {Lanka /\ Be3,
0-0}) 12. Nge2 O-O-O 13. O-O Qe6 $6 14. Kh1 Bh6 15. Bxc6 {"Kmoch hätte seine
Freude an dem weißen Konzept: Ohne den Springer kann das schwarze Zentrum im
Gegensatz zum weißen Mehrheit am Damenflügel wirkungsvoll gehemmt werden."
(Schlosser in CBM 56)} (15. b4 $142 {Lanka /\ B:c6, b5->}) 15... bxc6 16. Re1
$1 $14 {1-0 Lanka,Z-Leko,P/Budapest 1996/Inf 68/[Lanka,Z] (34) ףe6, Bf5}) (8.
b4 dxc4 $1 (8... Rd8 $6 9. Bxf6 exf6 10. c5 g6 11. Bb5 $1 {"Die anschließende
Überführung des Läufers nach b3, nebst Errichtung einer kraftvollen Batterie
auf der Diagonale a2-g8 bildet sicherlich das Kernstück des weißen Aufbaus."
(Wahls in CBM 44)} Bh6 12. Nge2 O-O 13. O-O f5 14. Ba4 $1 Qe7 15. f4 Bg7 16.
Qd2 Bc8 17. Rad1 Rfe8 18. Kh1 Qe3 19. Qa2 $1 Re7 20. Rf3 Qe6 21. h3 h6 22. Bb3
Kh8 23. Rfd3 Red7 24. Ng1 $1 $16 {1-0 Lanka,Z-Bauer,C/Cappelle 1994/CBM 44/
[Wahls] (33) "Beeindruckend ist, wie Weiß konseqent seine Figuren besser
stellt. Gegen die Drohung Sf3 nebst Te1ist kein Kraut gewachsen."(Wahls)}) 9.
Bxf6 gxf6 (9... exf6 $5 10. d5 O-O-O 11. dxc6 Qxc6 $13) 10. d5 O-O-O 11. Bxc4
$5 (11. dxe6 $2 Qxe6+ 12. Qe2 Ne5 $17) (11. dxc6 Qxc6 12. Qa4 Qb6 13. Rd1 Bh6
14. Nf3 Rhg8 $44 {|^}) 11... Ne5 12. Bb5 Qc7 13. Nge2 Rg8 $6 {Lanka,Z-Adianto,
U/Adelaide 1990/Inf 51/[Lanka,Z]/1-0 (47)} (13... Bf5 $11) (13... Kb8 $5)) 8...
O-O-O 9. c5 (9. Bxf6 gxf6 10. c5 Rg8 11. Kf1 Bf5 12. Bb5 e5 13. b4 $13 {
Sveshnikov,E-Tkachiev,V/Vienna op 1996/EXP 53/1/2-1/2 (86)}) 9... Ne4 $1 10.
Nf3 Bf5 11. Bf4 f6 12. O-O g5 (12... e5 13. dxe5 Nxc5 $6 (13... g5 14. Be3 {
ist Zugumstellung zur Partie}) 14. Nb5 $1 {mit der Idee} g5 15. Bg3 g4 16. Nfd4
$16) 13. Be3 e5 14. dxe5 (14. Bb5 $5) 14... d4 (14... fxe5 15. Bb5 (15. Nxe4
Bxe4 16. Bxg5 Be7 17. Bxe7 Qxe7 $44) 15... Nxc3 16. bxc3 Re8 $13) 15. e6 $1
Qxe6 16. Nxd4 Nxd4 17. Bxd4 Bxc5 18. Nb5 Kb8 (18... a6 $6 19. Qc1 $1 b6 (19...
Rd5 20. b4 axb5 21. Bxc5 Nxc5 22. Bxb5 Qb6 23. Bc4 $14) 20. b4 axb5 21. bxc5
Rxd4 22. cxb6+ Rc4 23. Bxc4 bxc4 24. Re1 {sieht aufgrund des offenen Königs
sehr verdächtig aus, wenn gleich die Lage nicht vollständig klar ist.}) 19.
Bxc5 $1 Nxc5 ({Die Annahme des Damenopfers birgt große Gefahren:} 19... Rxd1 $2
20. Bxa7+ Ka8 (20... Kc8 $2 21. Rfxd1 Nc5 22. Nd4 $18) 21. Rfxd1 Rc8 22. Be3
$40) 20. Qc1 Qe5 1/2-1/2

[Event "Keres Memorial"]
[Site "Tallinn/Parnu"]
[Date "1998.06.20"]
[Round "2"]
[White "Khalifman, Alexander"]
[Black "Seeman, Tarvo"]
[Result "1-0"]
[WhiteElo "2660"]
[BlackElo "2435"]
[Annotator "Huebner,R"]
[PlyCount "103"]
[EventDate "1998.06.19"]
[EventType "tourn"]
[EventRounds "9"]
[EventCountry "EST"]
[EventCategory "15"]
[SourceTitle "CBM 066"]
[Source "ChessBase"]
[SourceDate "1998.09.30"]
[SourceVersion "1"]
[SourceVersionDate "1998.09.30"]
[SourceQuality "1"]

1. d4 d5 2. c4 c6 3. Nf3 Nf6 4. Nc3 Qb6 5. Qa4 Qa6 6. Qc2 Qxc4 7. e4 Qb4 8. Bd2
Qb6 9. e5 Ng8 10. Nxd5 Qd8 {Es ist möglich, daß W. Steinitz die Spielführung
des Schwarzen sehr gelobt hätte; sicher ist dies aber nicht. Meinen Geschmack
trifft die Eröffnungsbehandlung des Nachziehenden nicht.} 11. Ne3 e6 12. O-O-O
Ne7 13. Bb4 Nd5 14. Bxf8 Kxf8 15. h4 h6 16. Nc4 Na6 17. Kb1 Nac7 18. Nd6 Ne8
19. Nxe8 Qxe8 20. Nd2 Qe7 21. Ne4 Bd7 22. Rh3 Be8 23. Bc4 Rd8 24. Nd6 Kg8 25.
Ra3 a6 26. g3 g6 27. Rb3 Rd7 28. Bxd5 cxd5 29. Qc8 Kg7 30. Rxb7 Rxb7 31. Qxb7
Qxb7 32. Nxb7 g5 33. Rh1 f6 34. exf6+ Kxf6 35. Nc5 (35. hxg5+ Kxg5 36. Nc5 Bg6+
37. Kc1 Rc8 38. Kd2 e5 39. Ke3 {ergibt ähnliche Bilder wie die
Partiefortsetzung.}) 35... gxh4 36. Rxh4 e5 37. Kc2 a5 38. Kc3 Rh7 39. Nd3
exd4+ 40. Kxd4 Kg5 41. f4+ Kf6 42. g4 h5 43. gxh5 Bxh5 44. Ne5 a4 45. b4 axb3
46. axb3 Ke6 47. b4 Kd6 48. b5 Kc7 49. Kc5 Kb7 50. f5 Rc7+ 51. Kxd5 Be8 52. f6
{Viel Arbeit, Genauigkeit und Geduld muß man einsetzen, um eine strategisch
entschiedene Partie zu gewinnen.} 1-0

[Event "Keres Memorial"]
[Site "Tallinn/Parnu"]
[Date "1998.06.22"]
[Round "4"]
[White "Yermolinsky, Alex"]
[Black "Khalifman, Alexander"]
[Result "1/2-1/2"]
[WhiteElo "2660"]
[BlackElo "2660"]
[Annotator "Manor,I"]
[PlyCount "45"]
[EventDate "1998.06.19"]
[EventType "tourn"]
[EventRounds "9"]
[EventCountry "EST"]
[EventCategory "15"]
[SourceTitle "CBM 066"]
[Source "ChessBase"]
[SourceDate "1998.09.30"]
[SourceVersion "1"]
[SourceVersionDate "1998.09.30"]
[SourceQuality "1"]

1. e4 c5 2. Nf3 Nc6 3. d4 cxd4 4. Nxd4 Nf6 5. Nc3 e5 6. Ndb5 d6 7. Bg5 a6 8.
Na3 b5 9. Nd5 Be7 10. Bxf6 Bxf6 11. c3 O-O 12. Nc2 Bg5 13. a4 bxa4 14. Rxa4 a5
15. Bc4 Rb8 16. b3 Kh8 17. O-O g6 (17... Bd7 18. Qd3 f5 19. Ra2 g6 20. f3 Bh6
21. Rd1 Qh4 22. Nde3 Rf6 23. Bd5 Rbf8 24. Nf1 $14 {Topalov,V-Kasparov,G,
Leon-Match,1998,1-0}) 18. Qd3 (18. Qe2 Bd7 19. Rfa1 Bh6 20. g3 $6 f5 21. exf5
gxf5 22. b4 e4 23. bxa5 Ne5 24. Rb4 Rxb4 25. cxb4 f4 $40 {0-1 Lutz,C-Kramnik,V/
BL9495 1995 (35)}) 18... f5 (18... Bd7 19. Raa1 f5 20. Rfd1 Bh6 21. Nde3 Rf6
22. f3 Ne7 23. Kh1 Bf4 24. b4 a4 25. Nd5 Nxd5 26. Bxd5 Qf8 $13 {1-0 Shirov,
A-Kramnik,V/Monaco blind 1995 (53)}) 19. Raa1 (19. Rd1 Bd7 20. Ra2 Bh6 21. f3
Qh4 22. Nde3 f4 23. Nf1 Rf6 24. b4 g5 25. h3 g4 26. fxg4 axb4 27. Ne1 Rg6 28.
Nf3 $14 {Popov-Beshukov, Novorossijsk,1995,1/2-1/2}) 19... Bh6 20. Rfe1 fxe4
21. Qxe4 Bf5 22. Qe2 e4 23. Nd4 {the position seems complicated with balanced
chances. a likely variation would be N:d4 , C:d4 Bg7, Q-d2 R-a8=} (23. Nce3 Ne5
$13) 1/2-1/2

[Event "RUS-ch51"]
[Site "St Petersburg"]
[Date "1998.08.01"]
[Round "5"]
[White "Khalifman, Alexander"]
[Black "Yemelin, Vasily"]
[Result "1/2-1/2"]
[WhiteElo "2645"]
[BlackElo "2510"]
[Annotator "Psakhis,L"]
[PlyCount "41"]
[EventDate "1998.07.28"]
[EventType "swiss"]
[EventRounds "11"]
[EventCountry "RUS"]
[SourceTitle "CBM 067"]
[Source "ChessBase"]
[SourceDate "1998.11.30"]
[SourceVersion "2"]
[SourceVersionDate "1998.11.01"]
[SourceQuality "1"]

1. d4 Nf6 2. c4 e6 3. Nc3 Bb4 4. e3 b6 5. Nge2 Ba6 6. Ng3 $5 {Sharp
continuation, but after quiet} (6. a3 Bxc3+ 7. Nxc3 d5 8. b3 O-O 9. Be2 Nc6 $13
{[%cal Gc6a5] black has good chances for equalization.}) 6... O-O 7. e4 (7. Bd3
c5 $5 8. O-O cxd4 9. exd4 d5 10. cxd5 Bxd3 11. Qxd3 Nxd5 12. Nh5 Nc6 13. Qg3 g6
$11 {1/2-1/2 Lautier,J-Hracek,Z/Wch Groningen 1997 (24)}) 7... Nc6 8. Bd3 e5 9.
d5 Bxc3+ 10. bxc3 Ne7 11. h4 {[%cal Gh4h6] Principial move, but} (11. O-O d6
12. Bg5 Nd7 13. Qg4 f6 14. Be3 Nc5 15. Bxc5 bxc5 16. Rfb1 Qc8 $11 {promised
not too much, 1/2-1/2 Petrosian,T-Schneider,L/EU-chT Skara 1980 (26)}) 11... d6
12. h5 h6 {[%cal Gc7c6,Ga8c8,Gc8c3]} (12... Nd7 13. Qf3 f6 14. Be2 Nc5 15. Nf5
Qd7 16. Rh4 Kh8 17. Rg4 Nxf5 18. exf5 Rg8 19. h6 Rae8 20. hxg7+ Rxg7 21. Rxg7
Qxg7 22. Qh5 Rg8 23. g3 $14 {1-0 Brinck Claussen,B-Auchenberg,P/Copenhagen
AS04 1979 (64)}) {White has many weakeness in pawn structure on the queen side,
so it is more or less obligatory for them to try to find chances on another
side of the board.Khalifman preparing bishop sacrifice on h6, Knaak choose
another plan , but without big success.} 13. Be3 {[%cal Gd1d2,Ge3h6] N/} (13.
Nf1 c6 $5 14. Ne3 Kh8 15. Qe2 Rc8 16. Bd2 cxd5 17. cxd5 Bxd3 18. Qxd3 Nd7 19.
a4 Nc5 $132 {1/2-1/2 Knaak,R-Wahls,M/Biel op 1996 (22)}) 13... Nd7 14. Qd2 Qc8
{Yemelin demonstratively showed, that he is not afraid bishop sacrifice, but
instead of this cool move, I would prefer} (14... Nc5 $5 15. Be2 (15. O-O Nxd3
16. Qxd3 Qd7 {[%cal Gc7c6,Gf7f5,Ga6d3]}) 15... f5 {with nice position.}) 15.
Bxh6 $5 gxh6 16. Qxh6 Nc5 17. Be2 {[%cal Rh1h4]} Qd8 $8 18. Nf5 ({More
dangerous for black} 18. Rh4 $5 {and after} Bc8 19. Bg4 $5 {I didn't found how
white can win here, but I'll not be surprised if it,s possible.} (19. Nf5 Bxf5
20. exf5 f6 21. Rg4+ Kf7 22. Qh7+ (22. Qg7+ Ke8 23. h6 Kd7) 22... Ke8) 19... f6
(19... Nxd5 $2 20. Bf5 $1) (19... Nd3+ 20. Kf1 f6 (20... f5 21. Bxf5 Nxf5 22.
Rg4+ Kf7 23. Qg6+ Ke7 24. exf5 $40) 21. Be6+ Bxe6 22. dxe6 f5 23. Nxf5 $18) 20.
Bf5 Bxf5 (20... Nxf5 21. Rg4+ Kf7 22. Nxf5 Bxf5 23. Rg7+ Ke8 24. exf5 Qc8 25.
Qg6+ Kd8 26. Rg8 $16) 21. Nxf5 Nxf5 22. Rg4+ Kf7 23. Qh7+ (23. exf5 Ke7 24.
Rg7+ Rf7 25. Rxf7+ Kxf7 26. Qh7+ Ke8 27. h6 Qe7) 23... Ke8 24. exf5 Qe7 25. Rg7
Rf7 26. Qh8+ (26. h6 $140 $6 Qf8 $1) 26... Kd7 27. Qxa8 Rxg7 28. Qc6+ $11)
18... Nxf5 19. exf5 Ne4 $1 $11 {[%cal Gd8g5]} 20. Rh3 $8 f6 21. Qg6+ 1/2-1/2

[Event "RUS-ch51"]
[Site "St Petersburg"]
[Date "1998.08.05"]
[Round "9"]
[White "Khalifman, Alexander"]
[Black "Popov, Valerij"]
[Result "0-1"]
[WhiteElo "2645"]
[BlackElo "2520"]
[Annotator "Atlas,V"]
[PlyCount "77"]
[EventDate "1998.07.28"]
[EventType "swiss"]
[EventRounds "11"]
[EventCountry "RUS"]
[SourceTitle "CBM 067"]
[Source "ChessBase"]
[SourceDate "1998.11.30"]
[SourceVersion "2"]
[SourceVersionDate "1998.11.01"]
[SourceQuality "1"]

{[%mdl 8836]} 1. e4 c5 2. Nf3 d6 3. d4 Nf6 4. Nc3 cxd4 5. Nxd4 a6 6. Be3 Ng4 7.
Bg5 h6 8. Bh4 g5 9. Bg3 Bg7 10. Be2 h5 11. Bxg4 Bxg4 12. f3 Bd7 13. Bf2 Nc6 14.
O-O e6 15. Nde2 (15. Nxc6 Bxc6 16. Bd4 Be5 17. Rf2 Qf6 18. Rd2 O-O-O 19. Ne2 g4
20. Bxe5 dxe5 21. Rd3 gxf3 22. gxf3 Rdg8+ 23. Kh1 Rg6 $40 {0-1 Schlosser,
M-Lendwai,R/Moesern 1997/EXP 59 (38)}) (15. Nce2 Ne5 16. b3 g4 17. f4 h4 {
1/2-1/2 Bologan,V-Sakaev,K/Kstovo 1997/CBM 59 (17)}) 15... Qe7 16. a4 Be5 17.
Qd2 h4 18. h3 Rg8 19. a5 Na7 {The knight retreat aims at vacting the c6-square
to the bishop and enhancing the defence of the d6-pawn.} 20. Be3 Bc6 21. Nd4
Qf6 22. Rad1 Ke7 23. Nce2 {This move opens allows advancement of c-pawn and
aims at advancing the f-pawn as well.} Rad8 24. c4 (24. Nxe6 fxe6 25. Bxa7 Bxb2
{is in Black's favor.}) 24... Bd7 (24... Be8 {fails to} 25. Qb4 $1) (24... Nc8
{is strongly met by} 25. b4) 25. f4 $1 {[%csl Rd6,Re5,Rh4][%cal Gd4f3,Gf1f7,
Gf3e5,Gf3h4,Gd1d6] The strongest continuation. Oprning play on the kingside,
White forces exchange of Black's dark-squared bishop, after which Black cannot
solve the problem of the weak d6 and h4 pawns.} gxf4 26. Nxf4 {Threatening 27.
Nd5+.} Qg7 27. Nf3 Bxf4 28. Bxf4 Ba4 29. b3 $1 Bc6 (29... Bxb3 {falls short
after} 30. Rb1 Bxc4 31. Rxb7+) {Due to the subtle play White reached a winning
position, but from now on he makes an unexplainable series of mistakes,
allowing Black to develop an irresistible attack.} 30. Rde1 $2 ({Instead, the
obvious} 30. Bxd6+ Ke8 31. Qf2 {yielded easy win:} {, e.g.} Bxe4 32. Be5 f6 33.
Rxd8+ Kxd8 34. Qb6+ Ke7 35. Ng5 $1 $18) 30... f6 31. Rf2 Qh7 32. Qe2 $2 (32.
Qe3 Nc8 33. Nd4 {was much stronger.}) 32... e5 33. Bc1 $2 {It was better to
play fisrt 33. Q e3 and then retreat the bishop to h2. Another option was 33.
Be3 Nc8 34.Bb6.} Rg3 34. Nh2 Bd7 $1 {[%csl Rh3][%cal Ga7c6,Gd7h3] Threatening
35...Bh3 and vacating the c6-square to the knight.} 35. Kh1 Nc6 {[%csl Ra5,Rd4]
[%cal Gc6a5,Ga5b3,Gc6d4,Gd4b3,Gd4e2] Threatening to win the a5-pawn and
intending to play 36...Nd4.} 36. Nf1 Nd4 37. Qd1 Rdg8 $1 {An excellent move,
which decides the game.} 38. Be3 $2 {loses immediately. More stubborn was 38.
Bb2.} (38. Nxg3 {is bad in view of} hxg3 39. Rb2 Bxh3 40. gxh3 (40. Kg1 Bg4 {
winning}) 40... Qxh3+ 41. Kg1 Rh8 {, and mate is inevitable.}) (38. Bb2) 38...
Bxh3 $1 {A final blow.} 39. gxh3 (39. Bxd4 {does not help either:} Bxg2+ 40.
Rxg2 (40. Kh2 Rh3+ 41. Kg1 Rh1#) 40... Rxg2 41. Ne3 Qg6 42. Nf5+ Kd7) (39. gxh3
{Leads to mate in three:} Qxe4+ 40. Kh2 Rg2+ 41. Kh1 Rg1+ 42. Kh2 Qh1#) 0-1